|
|
|
|
| LEADER |
01629nam a2200433Ia 4500 |
| 001 |
EBC289687 |
| 003 |
MiAaPQ |
| 005 |
20200520144314.0 |
| 006 |
m o d | |
| 007 |
cr cn||||||||| |
| 008 |
061114s2006 enka sb 101 0 eng d |
| 010 |
|
|
|z 2006298939
|
| 015 |
|
|
|a GBA630023
|2 bnb
|
| 016 |
7 |
|
|z 013420926
|2 Uk
|
| 020 |
|
|
|z 1845930703 (hbk.)
|
| 020 |
|
|
|z 9781845930707 (hbk.)
|
| 024 |
3 |
|
|z 9781845930707 (hbk.)
|
| 035 |
|
|
|a (MiAaPQ)EBC289687
|
| 035 |
|
|
|a (Au-PeEL)EBL289687
|
| 035 |
|
|
|a (CaPaEBR)ebr10157978
|
| 035 |
|
|
|a (CaONFJC)MIL73625
|
| 035 |
|
|
|a (OCoLC)228146908
|
| 040 |
|
|
|a MiAaPQ
|c MiAaPQ
|d MiAaPQ
|
| 050 |
|
4 |
|a SF395
|b .M43 2006
|
| 082 |
0 |
4 |
|a 636.40015118
|2 22
|
| 245 |
0 |
0 |
|a Mechanistic modelling in pig and poultry production
|h [electronic resource] /
|c edited by R. Gous, T. Morris and C. Fisher.
|
| 260 |
|
|
|a Wallingford, UK ;
|a Cambridge, MA :
|b CABI,
|c c2006.
|
| 300 |
|
|
|a xi, 331 p. :
|b ill.
|
| 500 |
|
|
|a Papers from a conference held at the Ithala Game Reserve in KwaZulu-Natal from 13-16 April 2005.
|
| 504 |
|
|
|a Includes bibliographical references and index.
|
| 533 |
|
|
|a Electronic reproduction. Ann Arbor, MI : ProQuest, 2015. Available via World Wide Web. Access may be limited to ProQuest affiliated libraries.
|
| 650 |
|
0 |
|a Swine
|x Mathematical models.
|
| 650 |
|
0 |
|a Poultry industry
|x Mathematical models.
|
| 655 |
|
4 |
|a Electronic books.
|
| 700 |
1 |
|
|a Gous, R.
|
| 700 |
1 |
|
|a Morris, T. R.
|q (Trevor Raymond)
|
| 700 |
1 |
|
|a Fisher, C.
|
| 710 |
2 |
|
|a ProQuest (Firm)
|
| 856 |
4 |
0 |
|u https://ebookcentral.proquest.com/lib/matrademy/detail.action?docID=289687
|z Click to View
|